Регионална библиотека "Любен Каравелов" - Русе

Семейна мъдрост от Монаха, който продаде своето ферари (Запис номер 135848)

MARC детайли
000 -Лидер
Контролно поле с фиксирана дължина 01857nam a2200349 c 4500
003 - Код на организацията, давaща контролен номер
Контролно поле BLK
005 - Дата и час на последна редакция
Контролно поле 20250103141257.0
008 - Елементи от данни с фиксирана дължина
fixed length control field 180409b bul|||||r ||||||| ||bul||
010 ## - Наследен системен номер
LC control number KNG00141781000
020 ## - Международен стандартен номер на книга ISBN
Международен стандартен номер на книга ISBN 978-954-8208-52-9
-- издат.: Екслибрис
040 ## - Източник на каталожния запис
Идентификатор на билиотеката - собственик на записа BLK
041 ## - Код за език
Код за езика на текст/звукозапис или на отделно заглавие Български
Код за езика КДБФ Български
072 #7 - Код за тематичната категория
Код организация bullib
Код за тематична категория Н83
Текст Чужда художествена литература Н
080 ## - УДК
Текстов определител УДК Англоканадска литература
УДК код - определител по УДК 821.111(71)
УДК определител -31
УДК - код + определител 821.111(71)-31
100 1# - Редна дума - Автор
Автор Шарма, Робин
Авторска отговорност първи автор
R(LIN) 277652
139 ## - Редно поле
Редна дума Шарма, Робин
Авторски знак Шарк - Ш 37
245 10 - Сведения за заглавието
Заглавие Семейна мъдрост от Монаха, който продаде своето ферари
Подзаглавни данни Освободете лидера в себе си и в своето дете
Редно поле (дума) Робин Шарма; прев. Неза Петрова Михайлова; * Незабравка Петрова Михайлова.
257 ## - Страна на издаване
Страна на създаване/издаване Канада
260 ## - Област на издателските данни
-- София
Име на издателя, разпространителя и проч. Екслибрис
Година на издаване 2006
Печатница София : Петекстон
300 ## - Физическа характеристика
Страници 208 с.
Размери/Мащаб 20 см
380 ## - Жанр
Жанр Худож. лит.
500 ## - Общи забележки
Забележка Ориг. загл. Family Wisdom by the Monk Who Sold His ferrari / Robin S. Sharma. - Името на прев. отбелязано на гърба на загл. с. ; Пълното име на прев. e Незабравка Петрова Михайлова. - За автора.
659 ## - Тематичен бюлетин
Тематичен бюлетин Н
700 1# - Други автори (авторска отговорност)
Лично име Михайлова, Неза Петрова
Автороска отговорност (Описва отношението между автора и произведението) прев.
Друга информация Михайлова, Незабравка Петрова
9 (RLIN) 364517
700 1# - Други автори (авторска отговорност)
Лично име Михайлова, Незабравка Петрова
Автороска отговорност (Описва отношението между автора и произведението) *
9 (RLIN) 367652
852 ## - Местоположение
Форматна сигнатура Цб 259168
856 4# - Електронен адрес и достъп
Електронен формат pdf - файл
Път до файла /url/
856 4# - Електронен адрес и достъп
Електронен формат pdf - файл
Път до файла /url/
942 ## - АРТИКУЛИ
Вид на библиотечния материал Книги
Скрит в OPAC Не
Koha issues (borrowed), all copies 22
944 ## - СЪЗДАВАНЕ И РЕДАКЦИЯ на ЗАПИСА
Създаване/Редакция Създаване
Дата на регистрацията/редакция 10.04.2013
Статус, дата на статуса Цветомила Тодорова
Служител, извършил регистрацията/редакцията 30576
944 ## - СЪЗДАВАНЕ И РЕДАКЦИЯ на ЗАПИСА
Създаване/Редакция Редакция
Дата на регистрацията/редакция 20.06.2013
Статус, дата на статуса ф /
Служител, извършил регистрацията/редакцията
999 ## - СИСТЕМНИ КОНТРОЛНИ НОМЕРА
Koha biblionumber 135848
Koha biblioitemnumber 135848
Наличности
Код за отписване Код за изгубен артикул Източник на класификационната схема Код за повреда Коз за рестрикции Код за отдаване Артикулен № Име на библиотеката - собственик Име на библиотеката, в която се намира в момента Статус (Текущо местоположение) Дата на вписване в системата Местоположение - отдел Цена в лева Инвентарен номер Систематично азбучна сигнатура Баркод Номер на екземпляра Цена в евро Служебна бележка Служебен тип на артикула
  Не е изгубен Universal Decimal Classification Не е повреден без рестрикции заемане за дома 222038 Регионална библиотека "Любен Каравелов" Русе Регионална библиотека "Любен Каравелов" Русе Заемна - подръчен фонд 2013-04-05 Заемна - подръчен фонд 9.00 120000765659 П 820(71)-31/Ш 37 120000765659 1 4.60 Дост: DA Вид: А N: 4 Дата: 05.04.2013 Книги
  Не е изгубен   Не е повреден без рестрикции ползва се в читалня 222039 Регионална библиотека "Любен Каравелов" Русе Регионална библиотека "Любен Каравелов" Русе Хранилище 2013-06-20 Хранилище 9.00 120000767164 Цб 259168 120000767164 2 4.60 Дост: Dp Вид: Д N: 8 Дата: 20.02.2012 Книги
  Не е изгубен Universal Decimal Classification Не е повреден без рестрикции заемане за дома 729647 Регионална библиотека "Любен Каравелов" Русе Регионална библиотека "Любен Каравелов" Русе Заемна - подръчен фонд 2019-07-10 Заемна - подръчен фонд 9.00   П 820(71)-31/Ш 37 120000833597   4.60   Книги
Vip Innovations Ltd, Rousse, Bulgaria 2025